000 00292nam a22001337a 4500
008 181217b xxu||||| |||| 00| 0 eng d
020 _a0136008178
041 _aeng
080 _a610
100 _a4
101 _aSHM
245 _aMoral Prolems in Medicine
_cGorovitz, S
942 _2udc
_cBK
999 _c53311
_d53311